Glasgow lessons for innovation and implementation

Saved in:
Bibliographic Details
Format: Book
Language:English
Published: Paris OECD 2002
Subjects:
Tags: Add Tag
No Tags, Be the first to tag this record!

MARC

LEADER 00000nam a2200000 4500
001 c142731
005 20221124092105.8
020 |a 92-64-19936-5 
041 0 |a eng 
044 |a FR 
245 1 0 |a Glasgow  |b lessons for innovation and implementation 
264 1 |a Paris  |b OECD  |c 2002 
300 |a 319 s. 
610 2 0 |a urbanizácia 
610 2 0 |a mestá 
610 2 0 |a inovácia 
610 2 0 |a regióny 
610 2 0 |a infraštruktúra 
610 2 0 |a doprava verejná 
610 2 0 |a plánovanie 
610 2 0 |a univerzity